00359 a2200073 4500245021100000100004800211260000900259300001700268 aHormones and cell Regulation = Hormones et régulation cellulaire 1: Procedings of the I.N.S.E.R.M. European Symposium on Hormones and Cell Regulation, held at Mont Sainte - Odile, 29 Sept - 2 Octobre 1986 aINSERM Symposium ( II; 1986; Sainte Odile ) c1986 aXVI - 233 p.